000 00584nam a2200253Ia 4500
003 OSt
005 20220912152941.0
006 a|||||r|||| 00| 0
007 ta
008 220909b |||||||| |||| 00| 0 eng d
024 _a28986
037 _cTextual
040 _aCSL
_beng
_cCSL
041 _aeng
082 _aB39, K8
100 _aRodin Burton
245 0 _aPrincipla functions
260 _c1968
300 _ap.
_ccm.
650 _aFunctions
700 _a Sario Leo
942 _hB39, K8
_cTEXL
_2CC
999 _c94611
_d94611